| 000 | 00475nam a22001817a 4500 | ||
|---|---|---|---|
| 003 | CEME | ||
| 005 | 20210628203601.0 | ||
| 008 | 210201b xxu||||| |||| 00| 0 eng d | ||
| 020 | _a969-35-1240-5 | ||
| 040 | _c. | ||
| 082 | _a891.4393 TAR | ||
| 100 |
_aMustanser Hussain Tarar, Tarar, Mutanser Hussain _966386 |
||
| 245 | _aQurbat-e-marg main mohabbat | ||
| 260 |
_aLAHORE _bSANG-E-MEEL _c2001 |
||
| 300 | _a376P | ||
| 650 |
_aURDU ADAB-NOVEL _920918 |
||
| 942 |
_cBK _2ddc |
||
| 999 |
_c574361 _d574361 |
||